000 04151nam a22002417a 4500
001 6710
003 FISKH
005 20250521142708.0
008 250521b cb ||||| |||| 00| 0 eng d
020 _a9789996333385
040 _aFISKH
_bkhr
_cFISKH
_dFISKH
082 _a400
100 _aSokheng, Kong
245 _aសិក្សាភាសាខ្មែរ ថ្នាក់ទី៨ /
_cរៀបរៀងនិងចងក្រងដោយ គង់​ សុខហេង
250 _aបោះពុម្ពលើកទី ១
260 _aភ្នំពេញ :
_bប៉ៃ ណែត​ ,
_c២០១៦​ .
300 _a150 pages :
_billustrations ;
_c21 cm .
520 _aThe book (Khmer Language Studies, Grade 8), compiled by (Kong Sokheng), is an educational resource designed to enhance students' proficiency in the Khmer language at the eighth-grade level. This textbook encompasses a variety of topics aimed at improving students' reading, writing, and comprehension skills. It includes lessons on grammar, vocabulary, sentence structure, and literary analysis, providing a comprehensive approach to mastering the Khmer language. The content is structured to align with the national curriculum, ensuring that students acquire the necessary linguistic competencies to excel in their studies and effectively communicate in Khmer. For those interested in accessing the textbook, it is available for download in PDF format through the Ministry of Education, Youth, and Sports of Cambodia's official website. This resource serves as a valuable tool for both students and educators in the pursuit of linguistic excellence.
520 _aសៀវភៅ «សិក្សាភាសាខ្មែរ ថ្នាក់ទី៨» ដែលរៀបរៀងដោយ លោក គង់ សុខហេង គឺជាវិជ្ជាសៀវភៅមួយសម្រាប់ការអប់រំ ដែលមានគោលបំណងជួយបង្កើនសមត្ថភាពភាសាខ្មែរ របស់សិស្សថ្នាក់ទី៨។ សៀវភៅនេះរួមបញ្ចូលនូវមេរៀនជាច្រើន ដើម្បីអភិវឌ្ឍជំនាញក្នុងការអាន ការសរសេរ និងការយល់ដឹងអត្ថន័យ។ វាមានមេរៀនអំពី វេយ្យាករណ៍ សព្ទវិញ័យ រចនាសម្ព័ន្ធប្រយោគ និងការវិភាគអត្ថបទសាស្រ្ត ដែលជាផ្នែកសំខាន់មួយក្នុងការចេះដឹងភាសាខ្មែរយ៉ាងជ្រាលជ្រៅ។ មាតិកានៃសៀវភៅនេះត្រូវបានរៀបចំឲ្យស្របតាមកម្មវិធីសិក្សាជាតិ ដើម្បីធានាថា សិស្សអាចទទួលបានជំនាញភាសាដែលគ្រប់គ្រាន់សម្រាប់ការសិក្សា និងការប្រាស្រ័យទាក់ទងដោយប្រើភាសាខ្មែរយ៉ាងមានប្រសិទ្ធភាព។ សម្រាប់អ្នកដែលមានចំណាប់អារម្មណ៍ ចង់ទាញយកសៀវភៅនេះ អាចរកបានជារూపសៀវភៅអេឡិចត្រូនិក (PDF) តាមរយៈគេហទំព័រផ្លូវការរបស់ក្រសួងអប់រំ យុវជន និងកីឡា។ សៀវភៅនេះជាវិធានដ៏មានតម្លៃសម្រាប់សិស្ស និងគ្រូបង្រៀន ក្នុងការផ្ដល់ និងទទួលនូវចំណេះដឹងភាសាខ្មែរដោយមានប្រសិទ្ធភាព។
650 _aភាសាខ្មែរ
942 _2ddc
_cKHB
_n0
999 _c6710
_d6710